|
|
|
|
| LEADER |
00966nam a22002297a 4500 |
| 001 |
30021 |
| 003 |
BD-DhAAL |
| 005 |
20151110105814.0 |
| 008 |
151110s1990 xxu||||| |||| 00| 0 ben d |
| 040 |
|
|
|a BD-DhAAL
|c BD-DhAAL
|
| 082 |
|
|
|2 22
|a 307.1412095492
|
| 245 |
|
|
|a ব্র্যাক-আরডিপি :
|b আরডিপি মাসিক সভার কার্যবিবরণী, জানুয়ারী থেকে ডিসেম্বর ১৯৯৮
|
| 260 |
|
|
|a ঢাকা :
|b ব্র্যাক,
|c ১৯৯০
|
| 300 |
|
|
|a ৫৩ পৃ. :
|c ২৮ সে. মি.
|
| 541 |
|
|
|e 30021
|
| 650 |
|
|
|a BRAC
|9 16059
|
| 650 |
|
|
|a Rural Development
|z Bangladesh
|9 16060
|
| 710 |
|
|
|a ব্র্যাক
|9 16061
|
| 852 |
|
|
|a Ayesha Abed Library
|
| 942 |
|
|
|2 ddc
|c BK
|
| 999 |
|
|
|c 36093
|d 36093
|
| 952 |
|
|
|0 0
|1 0
|2 ddc
|4 0
|6 307_141209549200000_BRA
|7 0
|9 56714
|a BRACUL
|b BRACUL
|c GEN
|d 2015-11-10
|l 0
|o 307.1412095492 BRA
|p 3010030021
|r 2015-11-10
|t 1
|w 2015-11-10
|y BK
|